000
00318 a2200121 4500
000
nam a22 7a 4500
005
20260207150456.0
020
_a
9789392989544
100
_a
Devnarayan Sharma
_9
1114367
245
_a
Sampoorn Yagya evam Pujanvidhi
260
_b
Shrikashi Vishvnath Sansthan
_c
2025
942
_c
TEXL
999
_c
1678911
_d
1678911